Word Ladder: George Lucas Epic Quiz Stats

 Plays Quiz Updated Dec 19, 2015

Challenge
Share
Tweet
Embed
Score 0/13 Timer 02:00
13 Plays Today
Clue 4-Letter Word % Correct
The deep cry of a lionROAR
97.9%
Fly, like an eagleSOAR
96.4%
Eddie Murphy's 'Daddy Day ___'CARE
94.9%
With [Final Rung], George Lucas' eight-episode space movie epicSTAR
93.5%
With [First Rung], George Lucas' eight-episode space movie epicWARS
91.2%
London's 'The ___ of the Wild'CALL
87.8%
Astronomer Sagan or psychologist JungCARL
85%
Raise a childREAR
84.8%
A lobby, auditorium, or dormitoryHALL
83.9%
An article of merchandiseWARE
83.6%
The road to here is paved with good intentionsHELL
82.4%
Cure a diseaseHEAL
79.4%
Former Spanish coin that was often cut into pieces of eightREAL
72.9%

Today's Daily Dose

You're not logged in!

Compare scores with friends on all Sporcle quizzes.
OR
Log In

You Might Also Like...

Show Comments

Extras

Top Quizzes Today


Score Distribution

Your Account Isn't Verified!

In order to create a playlist on Sporcle, you need to verify the email address you used during registration. Go to your Sporcle Settings to finish the process.

Report this User

Report this user for behavior that violates our Community Guidelines.

Details: